000
00325nam a22001337a 4500
020
_a
422 73110 2
082
_a
658.154HOF
100
_a
Hofstede G.H
245
_a
The game of budget control
260
_a
London
_b
Tavistock Publication
_c
1968
300
_a
363p
_b
ill,;18cm
500
_a
Include Appendix, Index
942
_c
BK
999
_c
13149
_d
13149